000 00632nam a22002057a 4500
005 20251108165854.0
008 250721s9999 xx 000 0 ara d
082 1 4 _aط/910.9/هاف
100 1 _aهافمان، تيتوس
245 1 0 _aتسلق قمة إفرست /
264 1 _aبيروت :
_bمكدونلد الشرق الأوسط،
_c[19-].
300 _a32ص : مصور بالألوان
490 0 _aمكدونلد - مغامرات
650 1 7 _aالرحلات و السفر
650 1 7 _aالأسفار
650 1 7 _aالرحالة
700 1 _aصقر، أحمد
_eترجمة
942 _2ddc
_cBK
999 _c33529
_d33529